• 首页
  • 本馆介绍
  • 公告通知
  • 最新文献
  • 馆藏检索
  • 电子资源
  • 读者导购
  • 参考咨询
  • 我的图书馆
  • 登录
  • 详细信息显示
  • 放入我的书架
  • 预约/预借图书
  • 作者相关作品
  • 分类相关作品
  • 丛书相关作品
  • 出版社相关作品

书目信息

  • 表格格式
  • 工作单格式
  • 卡片格式
题名:
物流经济地理
    
 
作者: 王智利 主编
分册:  
出版信息: 北京   首都经济贸易大学出版社  2010
页数: 281页
开本: 24cm
丛书名:
单 册:
中图分类: F259.22
科图分类:
主题词: 物流--经济地理--中国--高等学校--教材 , 物流 , 经济地理
电子资源:
ISBN: 978-7-5638-1779-5
000 00966nam0 2200277 450
001 523
005 20140908165113.92
010    @a978-7-5638-1779-5@dCNY28.00
100    @a20101021d2010 em y0chiy50 ea
101 0  @achi
102    @aCN@b110000
105    @aa z 000yy
106    @ar
200 1  @a物流经济地理@AWu Liu Jing Ji Di Li@dLogistics economic geography@f王智利编著@FWang Zhi Li Bian Zhu@zeng
210    @a北京@c首都经济贸易大学出版社@d2010
215    @a281页@c图@d24cm
300    @a高等院校经济与管理核心课经典系列教材
330    @a本书共分8章,从产业和区域两个角度展开,涵盖了农业、工业、商业和交通运输业几大方面,对包括港澳台在内的全国区域物流经济进行了阐述。
510 1  @aLogistics economic geography@zeng
606 0  @a物流@x经济地理@y中国@x高等学校@j教材
606 0  @a物流
606 0  @a经济地理
690    @aF259.22@v5
701  0 @a王智利@AWang Zhi Li@4主编
801  0 @aCN@bTANGWEI@c20140603
905    @b0840284-86@dF259.22@e207@f3
    
    物流经济地理=Logistics economic geography/王智利编著.-北京:首都经济贸易大学出版社,2010
    281页:图;24cm
    高等院校经济与管理核心课经典系列教材
    
    ISBN 978-7-5638-1779-5:CNY28.00
    本书共分8章,从产业和区域两个角度展开,涵盖了农业、工业、商业和交通运输业几大方面,对包括港澳台在内的全国区域物流经济进行了阐述。
●
相关链接 在E读中查询图书 在五车中查询图书 在当当中查询图书 在豆瓣中查询图书


正题名:物流经济地理     索取号:F259.22/207         预约/预借

序号 登录号 条形码 馆藏地/架位号 状态 备注
1 0840284   208402842   第一样本阅览室/ [索取号:F259.22/207] 在馆    
2 0840285   208402851   密集书库-海洋学院/ [索取号:F259.22/207] 在馆    
3 0840286   208402860   第一借阅区/ [索取号:F259.22/207] 在馆    
唐山师范学院图书馆 欢迎您!
大连网信软件有限公司© 版权所有